Lesser-known Slasher Villains! Quiz Stats

 Plays Quiz not verified by Sporcle

Score 0/22 Timer 10:00
0 Plays Today
% Correct
Jason Voorhees
82.2%
Jack Frost
74.4%
Angela Baker
50.7%
The Gingerdead Man
42.3%
Three Finger
38%
Jacob Goodnight
34.7%
Victor Crowley
32.1%
Cropsy
28.6%
The Phantom
27%
Kenny Hampson
26.2%
Chromeskull
25.8%
% Correct
Bunnyman
25.6%
The Prowler
24.6%
Thorn
21.6%
Billy Murphy
19.7%
Gunther
18.7%
Slausen
17.9%
Mary Lou
16.5%
Richard Sullivan
15%
Cinderhella
11.4%
Charlie Wilson
10.2%
Pitchfork
8.4%

You're not logged in!

Compare scores with friends on all Sporcle quizzes.
OR
Log In

Show Comments

Extras

Top Quizzes Today


Score Distribution

Your Account Isn't Verified!

In order to create a playlist on Sporcle, you need to verify the email address you used during registration. Go to your Sporcle Settings to finish the process.

Report this User

Report this user for behavior that violates our Community Guidelines.

Details: